• 首页
  • 本馆介绍
  • 公告通知
  • 最新文献
  • 馆藏检索
  • 电子资源
  • 读者导购
  • 参考咨询
  • 我的图书馆
  • 登录
  • 详细信息显示
  • 放入我的书架
  • 预约/预借图书
  • 作者相关作品
  • 分类相关作品
  • 丛书相关作品
  • 出版社相关作品

书目信息

  • 表格格式
  • 工作单格式
  • 卡片格式
题名:
民主的历史演变
    
 
作者: 施治生 , 沈永兴 著
分册:  
出版信息: 北京   北京出版社  1981
页数: 207页
开本: 19cm
丛书名:
单 册:
中图分类: D082
科图分类:
主题词: 民主--历史
电子资源:
ISBN:
000 00644nam0 2200241 45
001 0181002439
005 20060911112146.50
010    @dCNY0.51
091    @aCN@b11071.158
100    @a19950629d1981 emky0chiy0121 ea
101 0  @achi
102    @aCN@b110000
105    @ay z 000yy
200 10 @a民主的历史演变@Amin zhu de li shi yan bian@f施治生,沈永兴著
210    @a北京@c北京出版社@d1981
215    @a207页@d19cm
606    @a民主@x历史
690    @aD082@v3
701  0 @a施治生@Ashi zhi sheng@4著
701  0 @a沈永兴@Ashen yong xing@4著
801  0 @aCN@bTSSF@c20060911
801  2 @aCN@bNLC@c20060809
905    @a10447@dD082@e15
    
    民主的历史演变/施治生,沈永兴著.-北京:北京出版社,1981
    207页;19cm
    
    
    ISBN :CNY0.51
    
●
相关链接 在E读中查询图书 在五车中查询图书 在当当中查询图书 在豆瓣中查询图书


正题名:民主的历史演变     索取号:D082/15         预约/预借

序号 登录号 条形码 馆藏地/架位号 状态 备注
1 0440462   204404625   密集书库/ [索取号:D082/15] 在馆    
2 0441113   204411136   密集书库/ [索取号:D082/15] 在馆    
3 0450013   204500138   密集书库/ [索取号:D082/15] 在馆    
4 0471955   204719554   密集书库/ [索取号:D082/15] 在馆    
唐山师范学院图书馆 欢迎您!
大连网信软件有限公司© 版权所有